000 01205 a2200217 4500
003 Nust
005 20221124121007.0
010 _a 93001996
020 _a0201565536
040 _cNust
082 0 0 _a519.4,GER
100 1 _aGerald, Curtis F.,
_9104
245 1 0 _aApplied numerical analysis /
_cCurtis F. Gerald, Patrick O. Wheatley.
250 _a5th ed.
260 _aReading, Mass. :
_bAddison-Wesley Pub. Co.,
_cc1994.
300 _a1 v. (various pagings) :
_bill. (some col.) ;
_c25 cm.
505 _aNumerical Computing and Computers (Page-1), Solving Nonlinear Equations (Page-29), Solving Sets of Equations (Page-102), Interpolation and Curve Fitting (Page-210), Numerical Differentiation and Numerical Integration (Page-308), Numerical Solution of Ordinary Differential Equations (Page-393), Boundary Value Problems and Characteristic Value Problems (Page-467), Numerical Solution of Partial Differential Equations (Page-542), Parabolic Partial Differential Equations (Page-616), Hyperbolic Partial-Differential Equations (Page-663), Approximation of Functions (Page-696).
650 0 _aNumerical analysis.
_9103
700 1 _aWheatley, Patrick O.
_9103479
942 _2ddc
_cBK
_k519.4,GER
999 _c180596
_d180596